| 000 | 00579nam a2200229Ia 4500 | ||
|---|---|---|---|
| 008 | 160901s9999 xx 000 0 und d | ||
| 020 | _a971-8613-71-4 | ||
| 050 | _aComSc QA 76.9 | ||
| 050 | _b.D3C46 1986 | ||
| 100 | _aChou, George Tsu-der. | ||
| 245 | _adBase III plus handnook / | ||
| 245 | _cGeorge Tsu-Der Chou. | ||
| 250 | _a2nd Edition | ||
| 260 | _aManila : | ||
| 260 | _bGlobal Publishing, | ||
| 260 | _c1995 | ||
| 300 | _a519 pages : | ||
| 300 | _bill. ; | ||
| 300 | _c22 cm. | ||
| 500 | _aIncludes index. | ||
| 650 | _adBase III plus (Computer file). | ||
| 999 |
_c300935 _d300935 |
||